| 000 | 00425nam a2200169Ia 4500 | ||
|---|---|---|---|
| 005 | 20250423094927.0 | ||
| 008 | 250422s9999 xx 000 0 und d | ||
| 020 | _a9789785404562 | ||
| 050 | _aHV 9069 .A26/ | ||
| 100 | _aAborisade Richard A. | ||
| 245 | 0 | _aCrime & Deliquency : a sociological intoduction | |
| 260 | _aNigeria | ||
| 260 | _bIbadan University Press | ||
| 260 | _c2016 | ||
| 300 | _a343 p | ||
| 942 | _cBK | ||
| 999 |
_c28717 _d28717 |
||